[Event "URU-chT Regional"]
[Site "Punta del Este"]
[Date "2020.10.31"]
[Round "2.1"]
[White "Carbone, Diego"]
[Black "Manteiga, Franco"]
[Result "1/2-1/2"]
[WhiteElo "2219"]
[BlackElo "1832"]
[PlyCount "108"]
[EventDate "2020.10.31"]
[EventType "team-swiss"]
[EventRounds "5"]
[EventCountry "URU"]
[SourceTitle "CBM 199 Extra"]
[Source "ChessBase"]
[SourceDate "2021.01.31"]
[SourceVersion "1"]
[SourceVersionDate "2021.01.31"]
[SourceQuality "1"]
[WhiteTeam "Montevideo CBR"]
[BlackTeam "Montevideo Piratas II"]
[WhiteTeamCountry "URU"]
[BlackTeamCountry "URU"]

1. d4 Nf6 2. c4 e6 3. g3 d5 4. Nf3 Bb4+ 5. Bd2 a5 6. Bg2 0-0 7. 0-0 dxc4 8. Qc2 Bxd2 9. Qxd2 b5 10. Ne5 Ra6 11. a4 c6 12. Na3 Qb6 13. Nxc6 Nxc6 14. axb5 Nxd4 15. bxa6 Nb3 16. Nxc4 Qxa6 17. Qc2 Nxa1 18. Rxa1 Bd7 19. Rxa5 Qc8 20. Ra8 Qc7 21. Rxf8+ Kxf8 22. Qc3 Kg8 23. Qb4 h6 24. b3 Bc8 25. Bf3 Ba6 26. Qd6 Qxd6 27. Nxd6 Nd7 28. b4 Nb6 29. Kf1 Kf8 30. Ke1 Ke7 31. Ne4 Nd5 32. Nc5 Nxb4 33. Kd2 Bc8 34. Kc3 Na6 35. Nd3 Nc7 36. Ne5 Ne8 37. h4 Kf6 38. Kd4 Nd6 39. Ng4+ Ke7 40. Kc5 Bb7 41. Bxb7 Nxb7+ 42. Kc6 Nd8+ 43. Kc7 f6 44. f3 Nf7 45. Nf2 Nd6 46. g4 Nb5+ 47. Kb6 Nd4 48. Kc5 Nxe2 49. Nh3 g5 50. hxg5 hxg5 51. Kc4 Kd6 52. Kd3 Nf4+ 53. Nxf4 gxf4 54. Ke4 e5 1/2-1/2

[Event "URU-chT Regional"]
[Site "Punta del Este"]
[Date "2020.10.31"]
[Round "1.1"]
[White "Manteiga, Franco"]
[Black "Rodriguez Bernardo, Pablo"]
[Result "1/2-1/2"]
[WhiteElo "1832"]
[BlackElo "1710"]
[PlyCount "82"]
[EventDate "2020.10.31"]
[EventType "team-swiss"]
[EventRounds "5"]
[EventCountry "URU"]
[SourceTitle "CBM 199 Extra"]
[Source "ChessBase"]
[SourceDate "2021.01.31"]
[SourceVersion "1"]
[SourceVersionDate "2021.01.31"]
[SourceQuality "1"]
[WhiteTeam "Montevideo Piratas II"]
[BlackTeam "Maldonado Piriapolis"]
[WhiteTeamCountry "URU"]
[BlackTeamCountry "URU"]

1. d4 Nf6 2. c4 c5 3. d5 b5 4. cxb5 a6 5. bxa6 g6 6. Nc3 Bxa6 7. e4 Bxf1 8. Kxf1 d6 9. Nf3 Bg7 10. g3 Nbd7 11. Kg2 0-0 12. a4 Qa5 13. Bd2 Qa6 14. Qc2 Rfc8 15. Ra3 Ng4 16. h3 Nge5 17. Nxe5 Nxe5 18. Nb5 c4 19. Bc3 Qb6 20. Bd4 Qa5 21. Bc3 Qb6 22. Nd4 Nd3 23. Nc6 Rxc6 24. dxc6 Qxc6 25. Qe2 Rxa4 26. Rha1 Rxa3 27. Rxa3 Bxc3 28. bxc3 d5 29. f3 e6 30. exd5 Qxd5 31. Qe4 Qb5 32. Ra8+ Kg7 33. Qd4+ e5 34. Qe3 Qb2+ 35. Kg1 Qb1+ 36. Kh2 Qc2+ 37. Kg1 Qd1+ 38. Kg2 Ne1+ 39. Kf2 Nd3+ 40. Kg2 Qc2+ 41. Kg1 Qd1+ 1/2-1/2